000 00887nam a2200241 a 4500
001 000026320
005 20200930024507.0
008 110312s2005 dr a 000 0 spa d
020 _a9945856006
040 _aDO-SdBNP
_bspa
_cBNPHU
082 _a305.8
_bD559o
245 0 0 _a17 opiniones sobre racismo en República Dominicana.
246 0 2 _aDiecisiete opiniones sobre racismo en República Dominicana.
260 _aSanto Domingo,
_c2005.
300 _a250 p. :
_bil. ;
_c27 cm.
490 1 _aRelaciones Dominico-Haitianas ;
_v6 ;
590 _aInventariado, 2019/ YL
650 4 _aNegros
_zRepública Dominicana
_92558
650 4 _aInmigrantes
_zRepública Dominicana
_xOpinión pública
_953348
650 4 _aRepública dominicana
_xRelaciones raciales
_xOpinión pública
_953349
830 0 _aRelaciones Dominico-Haitianas
_n6
_953350
910 _aValidado. Control de calidad MFF
999 _c25812
_d25812